| 000 | 00418nam a22001577a 4500 | ||
|---|---|---|---|
| 005 | 20250718140051.0 | ||
| 008 | 250718b |||||||| |||| 00| 0 eng d | ||
| 020 | _a9789390715480 | ||
| 082 | _a343 RAO;1 R | ||
| 100 | _aRao, Mamta. | ||
| 245 | _aPublic interest litigation : legal aid and lok adalats | ||
| 250 | _a5th ed. | ||
| 260 |
_aLucknow _bEastern Book Company _c2018 |
||
| 300 | _axxxvi, 456 | ||
| 942 | _cLL | ||
| 999 |
_c300670 _d300670 |
||